[Event "World Rapid Women 2025"]
[Site "Doha QAT"]
[Date "2025.12.26"]
[Round "4.22"]
[White "Mamedjarova, Zeinab"]
[Black "Munkhzul, Turmunkh"]
[Result "1-0"]
[WhiteTitle "WGM"]
[BlackTitle "WGM"]
[WhiteElo "2155"]
[BlackElo "2271"]
[WhiteFideId "13401521"]
[BlackFideId "4901878"]
[EventDate "2025.12.26"]

1. d4 Nf6 2. Nf3 g6 3. Bf4 Bg7 4. e3 O-O 5. Bc4 d6 6. O-O Nbd7 7. c3 c5 8. Nbd2
b6 9. a4 Bb7 10. h3 Qc7 11. Qb3 Qc6 12. Rfe1 a6 13. e4 e6 14. Rad1 d5 15. exd5
Nxd5 16. Bg3 Rac8 17. Bb5 axb5 18. axb5 c4 19. bxc6 cxb3 20. cxb7 Rc6 21. c4 Nb4
22. d5 exd5 23. cxd5 Rc2 24. Re7 Nb8 25. d6 Nd5 26. Nxb3 Nb4 27. Nbd4 Rc5 28. d7
N4a6 29. Ne6 1-0

[Event "World Rapid Women 2025"]
[Site "Doha QAT"]
[Date "2025.12.26"]
[Round "4.23"]
[White "Mammadzada, Gunay"]
[Black "Tarasenka, Aliaksandra"]
[Result "1-0"]
[WhiteTitle "IM"]
[BlackTitle "WIM"]
[WhiteElo "2390"]
[BlackElo "2266"]
[WhiteFideId "13403729"]
[BlackFideId "13514288"]
[EventDate "2025.12.26"]

1. Nf3 d5 2. d4 Nf6 3. Bf4 c5 4. e3 Qb6 5. Nc3 c4 6. Rb1 e6 7. Be2 Bb4 8. O-O
Qa5 9. Nd2 O-O 10. g4 Nc6 11. Kh1 b5 12. Rg1 a6 13. g5 Ne8 14. Nf3 Bxc3 15. bxc3
Qxc3 16. Ne5 Nxe5 17. Bxe5 Qa3 18. Rg3 Qe7 19. c3 Bb7 20. Qc2 f6 21. gxf6 Nxf6
22. Rbg1 Rf7 23. f3 Rc8 24. Rh3 g6 25. Rxh7 Rxh7 26. Rxg6+ Rg7 27. Bxf6 1-0

[Event "World Rapid Women 2025"]
[Site "Doha QAT"]
[Date "2025.12.26"]
[Round "4.24"]
[White "Danielian, Elina"]
[Black "Mkrtchyan, Mariam"]
[Result "1/2-1/2"]
[WhiteTitle "GM"]
[BlackTitle "WIM"]
[WhiteElo "2408"]
[BlackElo "2353"]
[WhiteFideId "13300210"]
[BlackFideId "13310828"]
[EventDate "2025.12.26"]

1. d4 d5 2. Bf4 c5 3. e4 e6 4. Nc3 cxd4 5. Nb5 Bb4+ 6. c3 dxc3 7. bxc3 Ba5 8.
Qg4 Nf6 9. Qxg7 Rg8 10. Nd6+ Qxd6 11. Qxf6 Qe7 12. Qd4 Nc6 13. Bb5 Bd7 14. Bxc6
Bxc6 15. Nf3 Bb6 16. Qe5 f6 17. Qh5+ Qf7 18. Qh3 dxe4 19. Nd4 Bxd4 20. cxd4 Rd8
21. Be3 Rd5 22. g3 Kd7 23. O-O Qh5 24. Qg2 Qf3 25. Rfc1 Qxg2+ 26. Kxg2 Rc8 27.
Rab1 Bb5 28. Rc5 Rcxc5 29. dxc5 Kc6 30. g4 Rd3 31. Kg3 e5 32. Kh4 Rd7 33. h3 Bc4
34. Rb2 Bf7 35. Kg3 Rd3 36. Kh4 Ra3 37. Rd2 Rd3 38. Rb2 Bg6 39. Rb1 f5 40. gxf5
Bxf5 41. Rg1 Bg6 42. Rb1 Rd7 43. Kg5 Rf7 44. Rd1 Rf5+ 45. Kh4 Rf6 46. Kg5 Rf5+
47. Kh4 Rf6 48. Kg5 Rf5+ 1/2-1/2

[Event "World Rapid Women 2025"]
[Site "Doha QAT"]
[Date "2025.12.26"]
[Round "4.25"]
[White "Mamedjarova, Turkan"]
[Black "Preobrazhenskaya, Diana"]
[Result "1-0"]
[WhiteTitle "WGM"]
[BlackTitle "WFM"]
[WhiteElo "2216"]
[BlackElo "2131"]
[WhiteFideId "13402005"]
[BlackFideId "34270566"]
[EventDate "2025.12.26"]

1. d4 Nf6 2. Nf3 e6 3. Bf4 b6 4. e3 Bb7 5. Bd3 d5 6. O-O Bd6 7. Ne5 O-O 8. h3 c5
9. c3 Nc6 10. Bh2 Bxe5 11. dxe5 Nd7 12. f4 g6 13. Nd2 f6 14. exf6 Nxf6 15. Nf3
Qe7 16. Qe1 Qg7 17. Rd1 Rad8 18. Ng5 Rfe8 19. e4 dxe4 20. Nxe4 Nxe4 21. Bxe4
Rxd1 22. Qxd1 Na5 23. Bc2 Nc4 24. Qe2 Nd6 25. Rd1 Nf5 26. Bxf5 gxf5 27. Rd3 Kh8
28. Rg3 Qf6 29. Rg5 Rg8 30. Rxg8+ Kxg8 31. Bg3 Be4 32. Kh2 Qg6 33. Bh4 Qg7 34.
Qd2 Qc7 35. Bf6 Bd5 36. Be5 Qe7 37. b3 c4 38. bxc4 Bxc4 39. Qd4 Bd5 40. c4 Bc6
41. Bf6 Qd7 42. Qe3 Kf7 43. Bc3 Ke8 44. Qe5 Qe7 45. Qb8+ Qd8 46. Qxa7 Qd6 47.
Be5 Qc5 48. Qxh7 Qf2 49. Qg8+ Ke7 50. Qg7+ Ke8 51. Bd6 Qh4 52. Qc7 Be4 53. Qc8+
Kf7 54. Qd7+ Kg6 55. Qe8+ Kh7 56. Qf7+ Kh6 57. Bf8# 1-0

[Event "World Rapid Women 2025"]
[Site "Doha QAT"]
[Date "2025.12.26"]
[Round "4.26"]
[White "Yakimova, Mariya"]
[Black "Gunina, Valentina"]
[Result "1-0"]
[WhiteTitle "WFM"]
[BlackTitle "GM"]
[WhiteElo "2241"]
[BlackElo "2393"]
[WhiteFideId "34188859"]
[BlackFideId "4167570"]
[EventDate "2025.12.26"]

1. d4 d5 2. Nf3 Nf6 3. Bf4 c5 4. e3 Nc6 5. Nbd2 Bg4 6. c3 e6 7. Qb3 Qc8 8. Nh4
Bh5 9. h3 h6 10. g4 g5 11. Be5 Nxe5 12. dxe5 Nd7 13. gxh5 gxh4 14. c4 d4 15. f4
Rg8 16. Be2 Qc7 17. O-O-O O-O-O 18. Ne4 Nb8 19. exd4 cxd4 20. Kb1 Nc6 21. c5 Kb8
22. Nd6 Rg3 23. Rd3 Rxd3 24. Bxd3 f6 25. Qxe6 fxe5 26. fxe5 Bg7 27. Re1 Nb4 28.
Be4 d3 29. Nxb7 d2 30. Rd1 Rf8 31. a3 Nd3 32. Qb3 Nc1 33. Qb4 a6 34. Na5+ Kc8
35. Rxd2 1-0

[Event "World Rapid Women 2025"]
[Site "Doha QAT"]
[Date "2025.12.26"]
[Round "4.27"]
[White "Mammadova, Gulnar"]
[Black "Mikheeva, Galina"]
[Result "1-0"]
[WhiteTitle "IM"]
[BlackTitle "FM"]
[WhiteElo "2330"]
[BlackElo "2122"]
[WhiteFideId "13403508"]
[BlackFideId "44108320"]
[EventDate "2025.12.26"]

1. e4 e5 2. Nf3 Nc6 3. Bc4 d6 4. d4 Bg4 5. c3 Qf6 6. Bb5 Bxf3 7. gxf3 a6 8.
Bxc6+ bxc6 9. Be3 Ne7 10. Nd2 g6 11. dxe5 dxe5 12. f4 Bg7 13. fxe5 Qh4 14. Qc2
Qh5 15. Qd1 Qh4 16. Rg1 Bxe5 17. Bg5 Qh3 18. Qf3 Qe6 19. Qg4 Bxh2 20. Qxe6 fxe6
21. Rh1 Be5 22. Nc4 Bg7 23. O-O-O h6 24. Bxe7 Kxe7 25. Na5 h5 26. Nxc6+ Ke8 27.
Rdg1 Kd7 28. Nb4 Bh6+ 29. Kc2 Rhg8 30. Nd3 Kd6 31. e5+ Ke7 32. Rh4 Kf7 33. Rc4
Ra7 34. Rh1 Bg5 35. Rc6 a5 36. Nc5 Re8 37. Rg1 Bf4 38. Nd3 Bh6 39. Rg3 Bg7 40.
f4 Bh6 41. Rf3 Bf8 42. Nf2 Ke7 43. Rg3 Kf7 44. Rd3 Bh6 45. Ne4 Re7 46. a4 Ra8
47. Rc5 Kg7 48. Rf3 Rf7 49. Nf6 Kh8 50. Rg3 Bxf4 51. Rxg6 Rd8 52. Nxh5 Rd2+ 53.
Kb3 Kh7 54. Rxe6 Be3 55. Rxa5 Rff2 56. Nf6+ Kg7 57. Nd5 Rxb2+ 58. Kc4 Bg5 59.
Ra7 Rf7 60. Rc6 Re2 61. e6 Rf5 62. Raxc7+ Kg6 63. Rc8 Kh5 64. e7 Bxe7 65. Nxe7
Rxe7 66. Rc5 Re4+ 67. Kb5 1-0

[Event "World Rapid Women 2025"]
[Site "Doha QAT"]
[Date "2025.12.26"]
[Round "4.28"]
[White "Chen, Yining"]
[Black "Yu, Jennifer"]
[Result "1-0"]
[WhiteTitle "FM"]
[BlackTitle "FM"]
[WhiteElo "2278"]
[BlackElo "2276"]
[WhiteFideId "8620946"]
[BlackFideId "2078341"]
[EventDate "2025.12.26"]

1. d4 d5 2. c4 e6 3. Nf3 Nf6 4. Nc3 Nbd7 5. cxd5 exd5 6. Bf4 c6 7. e3 Bb4 8. Bd3
h6 9. h3 Ne4 10. Bxe4 dxe4 11. Nd2 Qe7 12. Qc2 f5 13. O-O g5 14. Bh2 Nf6 15. a3
Bd6 16. Bxd6 Qxd6 17. Nc4 Qe7 18. Ne5 Rg8 19. f3 exf3 20. Rxf3 g4 21. hxg4 Nxg4
22. Nxg4 fxg4 23. Rg3 h5 24. e4 h4 25. Re3 g3 26. e5 Be6 27. d5 Qc5 28. Qd2 cxd5
29. b4 Qc4 30. Ne2 h3 31. Nd4 Qc8 32. Rc1 Qd7 33. Rec3 Rf8 34. Qh6 Bg4 35. e6
h2+ 36. Kh1 Bxe6 37. Nxe6 1-0

[Event "World Rapid Women 2025"]
[Site "Doha QAT"]
[Date "2025.12.26"]
[Round "4.29"]
[White "Wang, Chuqiao"]
[Black "Nurman, Alua"]
[Result "0-1"]
[WhiteTitle "WIM"]
[BlackTitle "WGM"]
[WhiteElo "2235"]
[BlackElo "2367"]
[WhiteFideId "8631638"]
[BlackFideId "13729390"]
[EventDate "2025.12.26"]

1. d4 Nf6 2. c4 g6 3. Nc3 Bg7 4. e4 d6 5. Nf3 O-O 6. Be2 Nbd7 7. O-O e5 8. Re1
Re8 9. Bf1 c6 10. d5 c5 11. a3 a5 12. Bd2 Rf8 13. Nb5 Ne8 14. b4 b6 15. bxa5
bxa5 16. Bg5 f6 17. Bc1 Nb6 18. Rb1 h6 19. Nh4 Kh7 20. g3 Bd7 21. Bd2 Nc8 22.
Nc3 Ne7 23. Rb7 Bc8 24. Rb1 g5 25. Ng2 f5 26. exf5 Nxf5 27. Bd3 Kg8 28. Nb5 Qf6
29. Rf1 Nd4 30. Nxd4 exd4 31. f4 g4 32. Re1 Bf5 33. Qc2 Qg6 34. Bxf5 Qxf5 35.
Qxf5 Rxf5 36. Nh4 Rf7 37. Rb5 a4 38. Ng6 Kh7 39. Ne7 Bf8 40. Nc6 Ng7 41. Kf2 Nf5
42. Re6 h5 43. Ra5 Rxa5 44. Bxa5 Rb7 45. Rf6 Rb2+ 46. Ke1 Ne3 47. Rxf8 d3 48.
Bd2 Nxc4 49. Bc3 Re2+ 50. Kf1 Ne3+ 51. Kg1 0-1

[Event "World Rapid Women 2025"]
[Site "Doha QAT"]
[Date "2025.12.26"]
[Round "4.30"]
[White "Rakshitta, Ravi"]
[Black "Omonova, Umida"]
[Result "1-0"]
[WhiteTitle "WGM"]
[BlackTitle "WIM"]
[WhiteElo "2381"]
[BlackElo "2294"]
[WhiteFideId "25073230"]
[BlackFideId "14210363"]
[EventDate "2025.12.26"]

1. e4 e5 2. Nf3 Nc6 3. d4 exd4 4. Bc4 Nf6 5. e5 Ng4 6. O-O d6 7. Bg5 Qd7 8. exd6
Bxd6 9. Re1+ Kf8 10. h3 Nge5 11. Bb5 Nxf3+ 12. Qxf3 h6 13. Bh4 a6 14. Ba4 Ne5
15. Rxe5 Qxa4 16. Re2 d3 17. Re4 Qxc2 18. Nc3 Bd7 19. Rc4 Bc6 20. Rxc6 bxc6 21.
Rd1 Re8 22. Bg3 Bxg3 23. Qxg3 Qxb2 24. Rxd3 h5 25. Qxc7 Rh6 26. Rf3 Qc1+ 27. Kh2
Rf6 28. Rxf6 gxf6 29. Nd5 Kg7 30. Ne3 Qc5 31. Qd7 Re6 32. Qd3 Qe5+ 33. g3 Qe4
34. Nf5+ Kg6 35. Nh4+ Kh7 36. Qxa6 Qe2 37. Qa7 Re7 38. Qc5 Rd7 39. Qf5+ Kg7 40.
Qxd7 Qxf2+ 41. Ng2 c5 42. Qd5 Kg6 43. a4 Qc2 44. a5 c4 45. a6 Qa2 46. Qb7 c3 47.
a7 c2 48. a8=Q Qxa8 49. Qxa8 c1=Q 50. Qg8+ Kh6 51. Qh8+ Kg6 52. Nh4+ 1-0

[Event "World Rapid Women 2025"]
[Site "Doha QAT"]
[Date "2025.12.26"]
[Round "4.31"]
[White "Mungunzul, Bat-Erdene"]
[Black "Karimova, Guldona"]
[Result "1-0"]
[WhiteTitle "WIM"]
[BlackTitle "WIM"]
[WhiteElo "2350"]
[BlackElo "2288"]
[WhiteFideId "4902831"]
[BlackFideId "14210410"]
[EventDate "2025.12.26"]

1. d4 Nf6 2. c4 e6 3. Nf3 d5 4. Bg5 dxc4 5. Nc3 Nc6 6. e3 h6 7. Bh4 Be7 8. Bxc4
O-O 9. O-O a6 10. Rc1 Nd5 11. Bg3 Nxc3 12. Rxc3 Bd6 13. Bd3 Bxg3 14. hxg3 Qd6
15. Bb1 Bd7 16. Qc2 f5 17. a3 Be8 18. Rc5 Ne7 19. Ne5 c6 20. g4 Nd5 21. b4 g6
22. g3 Qe7 23. gxf5 gxf5 24. Kg2 Qg7 25. Rh1 Bg6 26. Rh4 Bh7 27. Qc1 Rf6 28. Ba2
Kh8 29. Bxd5 exd5 30. a4 Qe7 31. Rf4 Kg7 32. b5 axb5 33. axb5 Ra5 34. bxc6 Rxc5
35. Qxc5 Qxc5 36. dxc5 bxc6 37. Rb4 Re6 38. f4 Re7 39. Rb6 Bg8 40. Rxc6 d4 41.
Rg6+ Kh7 42. Rd6 dxe3 43. Kf3 Ra7 44. c6 e2 45. Kxe2 Ra2+ 46. Kd3 Ra3+ 47. Kd4
Ra4+ 48. Kc5 1-0

[Event "World Rapid Women 2025"]
[Site "Doha QAT"]
[Date "2025.12.26"]
[Round "4.32"]
[White "Yip, Carissa"]
[Black "Nurgaliyeva, Zarina"]
[Result "1/2-1/2"]
[WhiteTitle "IM"]
[BlackTitle "WIM"]
[WhiteElo "2459"]
[BlackElo "2305"]
[WhiteFideId "2090732"]
[BlackFideId "13730096"]
[EventDate "2025.12.26"]

1. e4 e5 2. d4 exd4 3. Qxd4 Nc6 4. Qc4 Nf6 5. Nc3 Bb4 6. Bd2 d6 7. O-O-O Be6 8.
Qe2 O-O 9. a3 Ba5 10. f3 a6 11. Nh3 b5 12. Nf4 Bc4 13. Qe1 Bxf1 14. Rxf1 Ne5 15.
b3 Bb6 16. Ncd5 Bc5 17. Kb2 Nxd5 18. Nxd5 a5 19. Bc3 c6 20. Ne3 Qb6 21. Nf5 b4
22. Bxe5 bxa3+ 23. Ka2 dxe5 24. Qg3 g6 25. Nh6+ Kh8 26. Qxe5+ f6 27. Qc3 Ra7 28.
e5 Bb4 29. Qa1 Qc5 30. c4 Qxe5 31. Qxe5 fxe5 32. Ng4 Re7 33. Nf2 Ra8 34. Ne4 a4
35. bxa4 Rxa4 36. Rd8+ Kg7 37. Rb1 h6 38. c5 Rea7 39. Rb8 Ba5 40. R1b7+ Bc7 41.
Rxa7 Rxa7 42. Rb3 Kf7 43. g4 Ke6 44. h4 Bd8 45. h5 gxh5 46. gxh5 Be7 47. Rb8 Kd5
48. Rh8 Bxc5 49. Rxh6 Rf7 50. Nf6+ Ke6 51. Ne4+ Kd5 52. Nf6+ Ke6 53. Ne4+ Kd5
54. Nf6+ Ke6 55. Ng4+ Kd5 56. Nf6+ 1/2-1/2

[Event "World Rapid Women 2025"]
[Site "Doha QAT"]
[Date "2025.12.26"]
[Round "4.33"]
[White "Rudzinska, Michalina"]
[Black "Krush, Irina"]
[Result "1-0"]
[WhiteTitle "WGM"]
[BlackTitle "GM"]
[WhiteElo "2206"]
[BlackElo "2402"]
[WhiteFideId "1172883"]
[BlackFideId "2012782"]
[EventDate "2025.12.26"]

1. e4 c5 2. Nf3 e6 3. d4 cxd4 4. Nxd4 a6 5. Bd3 Bc5 6. Nb3 Ba7 7. Qe2 Ne7 8. Be3
O-O 9. Nc3 Nbc6 10. O-O-O b5 11. f4 d6 12. g4 Bd7 13. Kb1 b4 14. Na4 Na5 15.
Bxa7 Rxa7 16. Qe3 Nc8 17. Nb6 Nxb6 18. Nxa5 Qc7 19. f5 Rc8 20. Nb3 a5 21. f6
gxf6 22. e5 dxe5 23. Qh6 Bc6 24. Bxh7+ Kh8 25. Rd3 Bg2 26. Rg3 a4 27. Nc1 a3 28.
Bg6+ Kg8 29. Bh7+ Kh8 30. Rxg2 axb2 31. Bg6+ Kg8 32. Bh7+ Kh8 33. Rg3 Nd5 34.
Bg6+ Kg8 35. Bh7+ Kh8 36. Kxb2 Qc5 37. Bg6+ Kg8 38. Bh7+ Kh8 39. Nb3 Qf2 40.
Bg6+ Kg8 41. Bh7+ Kh8 42. Rh3 Rxa2+ 43. Kxa2 Nc3+ 44. Rxc3 Qa7+ 45. Kb1 Rxc3 46.
Rf1 Rc7 47. Bg6+ Kg8 48. Qh7+ Kf8 49. Qh8+ Ke7 50. Qxf6+ Kf8 51. Qh8+ 1-0

[Event "World Rapid Women 2025"]
[Site "Doha QAT"]
[Date "2025.12.26"]
[Round "4.34"]
[White "Atalik, Ekaterina"]
[Black "Bivol, Alina"]
[Result "1/2-1/2"]
[WhiteTitle "IM"]
[BlackTitle "IM"]
[WhiteElo "2349"]
[BlackElo "2360"]
[WhiteFideId "4130189"]
[BlackFideId "4100123"]
[EventDate "2025.12.26"]

1. d4 e6 2. c4 d5 3. Nc3 c6 4. e3 Nf6 5. Nf3 Be7 6. Bd3 dxc4 7. Bxc4 c5 8. O-O
cxd4 9. exd4 O-O 10. a3 Nbd7 11. Qd3 b6 12. Bg5 Bb7 13. Rad1 h6 14. Bc1 Rc8 15.
Ba2 Qc7 16. Rfe1 Rfd8 17. Qe2 Bf8 18. h3 Nd5 19. Nxd5 Bxd5 20. Bxd5 exd5 21. Ne5
Nxe5 22. dxe5 Qc6 23. Rd3 Qe6 24. Bf4 Rc4 25. Bg3 Rdc8 26. Red1 Rc2 27. R3d2
Rxd2 28. Qxd2 Rd8 29. Qd3 Qc6 30. Kh2 Be7 31. f4 Qa4 32. Rc1 Bc5 33. b4 Bf8 34.
Rc7 a5 35. Bh4 Rd7 36. Rc8 axb4 37. axb4 Qxb4 38. Qf5 Ra7 39. e6 d4 40. e7 Rxe7
41. Bxe7 Qxe7 42. Qd5 Qf6 43. Qe5 Qxe5 44. fxe5 g6 45. Kg3 Kg7 46. Kf3 Bc5 47.
Ke4 h5 48. Rc7 Kf8 49. e6 fxe6 50. Ke5 d3 51. Kxe6 d2 52. Rd7 Be3 53. Ke5 Ke8
54. Rd3 Ke7 55. Ke4 Bg5 56. Kf3 Ke6 57. Ke2 Bf4 58. Rb3 h4 59. Rxb6+ Kf5 60. Rb7
g5 61. Rd7 Ke4 62. Rd8 Kf5 63. Kf3 Ke5 64. Rd3 Kf5 65. Rd5+ Ke6 66. Ke4 Kf6 67.
Rd8 Ke6 68. Rd3 Kf6 69. Kf3 1/2-1/2

[Event "World Rapid Women 2025"]
[Site "Doha QAT"]
[Date "2025.12.26"]
[Round "4.35"]
[White "Francisco Guecamburu, Candela Be"]
[Black "Vantika, Agrawal"]
[Result "0-1"]
[WhiteTitle "WGM"]
[BlackTitle "IM"]
[WhiteElo "2238"]
[BlackElo "2369"]
[WhiteFideId "160911"]
[BlackFideId "25050389"]
[EventDate "2025.12.26"]

1. e4 e6 2. d4 d5 3. Nc3 Nf6 4. Bg5 dxe4 5. Nxe4 Be7 6. Bxf6 gxf6 7. Nf3 a6 8.
g3 f5 9. Nc3 b5 10. Bg2 Bb7 11. O-O O-O 12. Ne2 c5 13. dxc5 Bxc5 14. Ne5 Bxg2
15. Kxg2 Qc7 16. Nd3 Be7 17. Nef4 Nd7 18. Kg1 Nf6 19. Qe2 Rfd8 20. Rfd1 Ne4 21.
f3 Nf6 22. c3 a5 23. a4 bxa4 24. Rxa4 e5 25. Ng2 e4 26. fxe4 fxe4 27. Nf2 Rxd1+
28. Nxd1 Bc5+ 29. Kh1 Rd8 30. Ra1 Qd7 31. Nde3 Qd3 32. Re1 Qxe2 33. Rxe2 h5 34.
h3 Rd3 35. Kh2 a4 36. Nc4 Ba7 37. Nf4 Rd1 38. Rd2 Rf1 39. Rd8+ Kg7 40. Ra8 Rf2+
41. Kh1 Bc5 42. Ra5 Rf1+ 43. Kh2 Nd7 44. Nxh5+ Kh6 45. Nf4 e3 46. Nxe3 Bxe3 47.
Rxa4 Ne5 48. Ra6+ Kh7 49. h4 Ng4+ 50. Kh3 f5 51. Re6 Rh1+ 52. Kg2 Rh2+ 53. Kf1
Rxb2 54. Re7+ Kg8 55. Nh5 Kf8 56. Re6 Kf7 57. Rd6 Ke7 58. Rd3 Bc5 59. Nf4 Bd6
60. Ne2 Ke6 61. Nd4+ Kf6 62. Nxf5 Bc5 63. Nd4 Kg6 64. Ne6 Be3 65. Nd4 Kf6 66.
Ke1 Ke5 67. Nc6+ Ke4 68. Rd8 Bf2+ 69. Kd1 Ne3+ 70. Kc1 Rc2+ 71. Kb1 Rxc3 72.
Re8+ Kd5 73. Rd8+ Kc5 74. Ne5 Kb6 75. Rd3 Rc7 76. Rb3+ Ka7 77. Ra3+ Kb7 78. Rb3+
Kc8 79. g4 Re7 80. Nd3 Bxh4 81. Rc3+ Kb7 82. Rb3+ Kc6 83. Rb4 Re8 84. Ka2 Bf6
85. Kb3 Rd8 86. Nf2 Rd2 87. Ne4 Rd3+ 88. Ka4 Be7 89. Nf2 Rc3 90. Ne4 Bxb4 91.
Nxc3 Bxc3 92. Kb3 Bf6 93. Kb4 Bg5 94. Kc3 Kc5 95. Kd3 Kd5 96. Kc3 Nxg4 97. Kd3
Ne5+ 98. Kc3 Be3 99. Kb4 Nd3+ 100. Kb5 Bc5 101. Ka6 Kc6 102. Ka5 Bd4 103. Ka4
Kc5 104. Kb3 Nb4 105. Ka3 Kc4 106. Ka4 Bb6 107. Ka3 Nd3 108. Ka2 Kc3 109. Ka3
Nb2 110. Ka2 Kc2 111. Ka3 Bc5+ 112. Ka2 Nd3 113. Ka1 Ba3 114. Ka2 Bc1 115. Ka1
Bb2+ 116. Ka2 Nb4# 0-1

[Event "World Rapid Women 2025"]
[Site "Doha QAT"]
[Date "2025.12.26"]
[Round "4.36"]
[White "Bodnaruk, Anastasia"]
[Black "Priyanka, Nutakki"]
[Result "1/2-1/2"]
[WhiteTitle "IM"]
[BlackTitle "WGM"]
[WhiteElo "2357"]
[BlackElo "2292"]
[WhiteFideId "4181751"]
[BlackFideId "25049615"]
[EventDate "2025.12.26"]

1. e4 e6 2. d4 d5 3. e5 c5 4. c3 Qa5 5. a3 Nc6 6. Nf3 cxd4 7. b4 Qc7 8. cxd4 f6
9. Bb2 Nh6 10. Bd3 Nf7 11. O-O f5 12. Nc3 Be7 13. Rc1 a6 14. Re1 O-O 15. Na4 g5
16. Nc5 g4 17. Nd2 Bg5 18. Rc2 Qe7 19. Nxa6 Ncxe5 20. dxe5 bxa6 21. Bd4 Re8 22.
Nb3 Bd7 23. Rc7 Qd8 24. Bb6 Ba4 25. Qb1 Qb8 26. Ba5 Bxb3 27. Qxb3 Bd8 28. Rc5
Nxe5 29. Bb1 Bxa5 30. Rxa5 Nc4 31. Rc5 Qd6 32. Bd3 Ne5 33. Bf1 Nd7 34. Rc2 Rac8
35. Rec1 Rxc2 36. Rxc2 Ne5 37. Qa4 Ra8 38. b5 a5 39. Qd4 a4 40. b6 Rb8 41. Rb2
Nd7 42. b7 Qc7 43. Qa7 Kf7 44. Rb4 Nc5 45. Rb5 Ne4 46. Rb2 Nd6 47. Qxa4 Rxb7 48.
Rc2 Qd7 49. Qa5 Ra7 50. Qb4 Rb7 51. Qc3 Rb1 52. Qh8 Kg6 53. Qg8+ Kf6 54. Qh8+
Kg6 55. Qg8+ Kf6 56. Qh8+ Kg5 57. Qg8+ Kh6 58. Qf8+ Kg6 59. Qg8+ 1/2-1/2

[Event "World Rapid Women 2025"]
[Site "Doha QAT"]
[Date "2025.12.26"]
[Round "4.37"]
[White "Mkrtchian, Lilit"]
[Black "Iudina, Veronika"]
[Result "1-0"]
[WhiteTitle "IM"]
[BlackTitle "WFM"]
[WhiteElo "2366"]
[BlackElo "2204"]
[WhiteFideId "13300601"]
[BlackFideId "24277916"]
[EventDate "2025.12.26"]

1. Nf3 Nf6 2. c4 e6 3. b3 d5 4. Bb2 c5 5. cxd5 exd5 6. g3 d4 7. Bg2 Be7 8. O-O
O-O 9. e3 Nc6 10. Na3 Bf5 11. Nc4 Rc8 12. Nfe5 Nxe5 13. Nxe5 Be4 14. exd4 Bxg2
15. Kxg2 cxd4 16. Re1 Bc5 17. Qf3 Bb4 18. Qd3 Qa5 19. Nf3 Rfd8 20. Bxd4 Bc5 21.
Qc3 Qb6 22. Bxf6 gxf6 23. Rac1 Rc6 24. Qc4 Bxf2 25. Qg4+ Kh8 26. Rxc6 bxc6 27.
Re7 Rf8 28. Qf4 Kg7 29. Nh4 Bg1 30. Nf5+ Kh8 31. d4 Bxd4 32. Qg4 1-0

[Event "World Rapid Women 2025"]
[Site "Doha QAT"]
[Date "2025.12.26"]
[Round "4.38"]
[White "Khalilova, Madinabonu"]
[Black "Badelka, Olga"]
[Result "0-1"]
[WhiteTitle "WCM"]
[BlackTitle "IM"]
[WhiteElo "2241"]
[BlackElo "2395"]
[WhiteFideId "14223422"]
[BlackFideId "13509926"]
[EventDate "2025.12.26"]

1. d4 Nf6 2. c4 e6 3. Nf3 d5 4. g3 Be7 5. Bg2 O-O 6. O-O dxc4 7. Qc2 a6 8. a4
Nc6 9. Qxc4 h6 10. Rd1 e5 11. Nc3 e4 12. Ne5 Na5 13. Qa2 Be6 14. d5 Bf5 15. Nc4
Bb4 16. Ne3 Bg6 17. Bd2 Qd6 18. Nc2 e3 19. Nxe3 Bc5 20. Bf3 Qb6 21. d6 c6 22.
Nc4 Bxf2+ 23. Kg2 Nxc4 24. Qxc4 Rad8 25. Bf4 Be3 26. a5 Qa7 27. b4 Rfe8 28. Bxe3
Qxe3 29. Qd4 h5 30. Rac1 Qh6 31. e4 Nd7 32. Kg1 Ne5 33. Bg2 h4 34. Qd2 Qxd2 35.
Rxd2 h3 36. Bh1 Re6 37. Rcd1 Bh5 38. Rc1 Rexd6 39. Rxd6 Rxd6 40. Na4 Rd2 41. Nc5
Bf3 42. Rf1 Bxh1 43. Kxh1 Nf3 0-1

[Event "World Rapid Women 2025"]
[Site "Doha QAT"]
[Date "2025.12.26"]
[Round "4.39"]
[White "Girya, Olga"]
[Black "Gaboyan, Susanna"]
[Result "0-1"]
[WhiteTitle "GM"]
[BlackTitle "WIM"]
[WhiteElo "2398"]
[BlackElo "2182"]
[WhiteFideId "4195752"]
[BlackFideId "13303627"]
[EventDate "2025.12.26"]

1. d4 Nf6 2. c4 e6 3. Nc3 d5 4. cxd5 exd5 5. Bg5 Be7 6. e3 c6 7. Bd3 O-O 8. Nge2
Nbd7 9. O-O Re8 10. Qc2 Nf8 11. a3 g6 12. Nf4 Kg7 13. Bh4 Ne6 14. Nxe6+ Bxe6 15.
b4 a6 16. Na4 Ne4 17. Bxe7 Rxe7 18. f3 Nd6 19. Nc5 Bf5 20. Rae1 Bxd3 21. Qxd3 a5
22. e4 axb4 23. axb4 dxe4 24. fxe4 Nb5 25. d5 Ra3 26. Qd2 b6 27. Nd3 cxd5 28.
Nf4 d4 29. Nh5+ gxh5 30. Qg5+ Kf8 31. Qxb5 d3 32. Qxh5 Qd4+ 33. Kh1 d2 34. Rd1
Rd3 35. Qxh7 Ke8 36. e5 Rc3 37. Qg8+ Kd7 38. Rxf7 Rc1 39. Rxe7+ Kxe7 40. Qg7+
Ke6 41. Qh6+ Kd5 42. Qd6+ Ke4 43. Qg6+ Kd5 44. Qd6+ Kc4 45. Qc6+ Kxb4 46. Qf3
Rxd1+ 47. Qxd1 Qe3 0-1

[Event "World Rapid Women 2025"]
[Site "Doha QAT"]
[Date "2025.12.26"]
[Round "4.40"]
[White "Zhurova, Anna"]
[Black "Nguyen Hong Nhung"]
[Result "1/2-1/2"]
[WhiteTitle "WFM"]
[BlackTitle "FM"]
[WhiteElo "2299"]
[BlackElo "2268"]
[WhiteFideId "54113075"]
[BlackFideId "12412201"]
[EventDate "2025.12.26"]

1. e4 c5 2. Nf3 e6 3. c3 Nf6 4. Bd3 d5 5. e5 Nfd7 6. Bc2 d4 7. Na3 Nc6 8. Qe2
Qc7 9. cxd4 Nxd4 10. Nxd4 cxd4 11. Ba4 Bxa3 12. bxa3 O-O 13. Bb2 Nc5 14. Bc2 Rd8
15. d3 Rd5 16. f4 Bd7 17. O-O Bb5 18. Rac1 Qb6 19. f5 exf5 20. Rxf5 Bd7 21. Rxf7
Qxb2 22. Rcf1 Be6 23. Qf3 Rdd8 24. Rxg7+ Kh8 1/2-1/2

[Event "World Rapid Women 2025"]
[Site "Doha QAT"]
[Date "2025.12.26"]
[Round "4.41"]
[White "Kirtadze, Anastasia"]
[Black "Shukhman, Anna"]
[Result "0-1"]
[WhiteTitle "WIM"]
[BlackTitle "WGM"]
[WhiteElo "2281"]
[BlackElo "2431"]
[WhiteFideId "13622714"]
[BlackFideId "54180058"]
[EventDate "2025.12.26"]

1. e4 c5 2. Nf3 d6 3. d4 cxd4 4. Nxd4 Nf6 5. Nc3 a6 6. Nb3 g6 7. h3 Bg7 8. g4
Nc6 9. Bg2 Be6 10. O-O h5 11. g5 Nd7 12. Nd5 a5 13. a4 Nb4 14. c3 Nxd5 15. exd5
Bf5 16. Be3 O-O 17. Nd4 Bxd4 18. Bxd4 Nc5 19. f4 Qd7 20. Kh2 b5 21. Bxc5 dxc5
22. Rf2 b4 23. c4 Rad8 24. Qf3 e6 25. Rd2 exd5 26. Rxd5 Qc7 27. Rad1 Bc2 28.
Rxd8 Rxd8 29. Rxd8+ Qxd8 30. Qf2 Bxa4 31. Qxc5 Qd2 32. Qc8+ Kg7 33. Qc7 Qxb2 34.
c5 Bb3 35. c6 Bd5 36. Qe5+ Qxe5 37. fxe5 Bxg2 38. Kxg2 b3 39. c7 b2 40. c8=Q
b1=Q 41. Qc3 Qe4+ 42. Kg1 Qb4 43. Qa1 Qc5+ 44. Kg2 Qd5+ 45. Kg1 Kg8 46. Kf2 Qd2+
47. Kf1 Qxg5 48. Qxa5 Qg3 49. Qd8+ Kh7 50. Qd7 Kg7 51. Qe7 Qxh3+ 52. Kf2 Qe6 53.
Qc7 h4 54. Qc3 g5 55. Kg2 Kg6 56. Qd3+ Qf5 57. Qd6+ Kh5 58. Qe7 Kg4 59. Qb4+ Qf4
60. Qd6 h3+ 61. Kg1 Qg3+ 62. Kf1 h2 63. Qd7+ Kh4 64. Qd4+ Qf4+ 65. Qxf4+ gxf4
66. Kg2 Kg4 67. Kxh2 Kf3 68. Kg1 Ke2 0-1